[Event "Foment Martinenc op-A 24th"]
[Site "Barcelona"]
[Date "2024.04.27"]
[Round "2"]
[White "Bru Montoya, Pau"]
[Black "Carrasco Holgado, David"]
[Result "0-1"]
[WhiteElo "1834"]
[BlackElo "2049"]
[PlyCount "86"]
[EventDate "2024.04.20"]
[EventType "swiss"]
[EventRounds "9"]
[EventCountry "ESP"]
[SourceTitle "CBM 220 Extra"]
[Source "ChessBase"]
[SourceDate "2024.07.31"]
[SourceVersion "1"]
[SourceVersionDate "2024.07.31"]
[SourceQuality "1"]

1. e4 c6 2. d4 d5 3. exd5 cxd5 4. Bd3 Nc6 5. c3 Nf6 6. Bf4 Bg4 7. Qb3 Qd7 8. Nd2 e6 9. Ngf3 Bd6 10. Bxd6 Qxd6 11. 0-0 0-0 12. Rae1 Rab8 13. h3 Bh5 14. Ne5 b5 15. Ndf3 Bxf3 16. gxf3 b4 17. Qc2 Rfc8 18. Ng4 Qf4 19. Nxf6+ Qxf6 20. Qe2 bxc3 21. bxc3 g6 22. Rb1 Qe7 23. Bb5 Rb6 24. Rfe1 Na5 25. Qe5 Qc7 26. Qg5 Rcb8 27. Bd3 Qxc3 28. Rbd1 Qxd4 29. h4 Qg7 30. Kh1 Rb4 31. h5 h6 32. Qg3 g5 33. Qc7 Qf6 34. Kg2 Qd8 35. Bh7+ Kg7 36. Qc2 Qf6 37. Qc7 Nc4 38. Bg6 R4b7 39. Qc6 Rb6 40. Qa4 Nb2 41. Qa3 Nxd1 42. Bc2 Qc3 43. Qxa7 Qxe1 0-1

[Event "Girona-ch"]
[Site "Conjunt de Castell d'Aro"]
[Date "2023.10.29"]
[Round "6"]
[White "Casellas Ferrer, Joan Josep"]
[Black "Carrasco Holgado, David"]
[Result "1-0"]
[WhiteElo "1802"]
[BlackElo "2141"]
[PlyCount "83"]
[EventDate "2023.09.24"]
[EventType "swiss"]
[EventRounds "8"]
[EventCountry "ESP"]
[SourceTitle "EXT 2025"]
[Source "ChessBase"]
[SourceDate "2024.10.14"]
[SourceVersion "1"]
[SourceVersionDate "2024.10.14"]
[SourceQuality "1"]

1. d4 f5 2. c4 Nf6 3. Nc3 e6 4. Nf3 b6 5. g3 Bb7 6. Bg2 Bb4 7. Bd2 0-0 8. 0-0 d6 9. Qb3 Bxc3 10. Bxc3 Ne4 11. e3 Nd7 12. Rad1 Qe7 13. Qc2 a5 14. Nd2 d5 15. f4 Ndf6 16. Nxe4 Nxe4 17. Bxe4 fxe4 18. cxd5 exd5 19. Qe2 Ba6 20. Qh5 Rad8 21. Rf2 Rf6 22. Rc1 Rh6 23. Qe5 Re6 24. Qh5 Rg6 25. Be1 Qd7 26. Qe5 c6 27. f5 Rf6 28. g4 Re8 29. Qf4 h6 30. Rg2 g5 31. Qg3 Qe7 32. h4 Ref8 33. Qh3 R8f7 34. Bg3 c5 35. Be5 Bc4 36. b3 Bd3 37. hxg5 hxg5 38. Rh2 Rg7 39. Qh8+ Kf7 40. Bxf6 Qxf6 41. Rh6 Qe7 42. f6 1-0

[Event "Girona-ch"]
[Site "Conjunt de Castell d'Aro"]
[Date "2023.10.15"]
[Round "4"]
[White "Lemeshev, Ilya"]
[Black "Carrasco Holgado, David"]
[Result "1-0"]
[WhiteElo "2172"]
[BlackElo "2141"]
[PlyCount "79"]
[EventDate "2023.09.24"]
[EventType "swiss"]
[EventRounds "8"]
[EventCountry "ESP"]
[SourceTitle "EXT 2025"]
[Source "ChessBase"]
[SourceDate "2024.10.14"]
[SourceVersion "1"]
[SourceVersionDate "2024.10.14"]
[SourceQuality "1"]

1. d4 d5 2. Nf3 Nf6 3. c4 c6 4. g3 Bf5 5. Bg2 e6 6. Nc3 Nbd7 7. 0-0 Bd6 8. Nh4 Bg4 9. Qb3 Qb6 10. Qc2 Qxd4 11. cxd5 exd5 12. e4 dxe4 13. h3 Bh5 14. Nf5 Qc5 15. Nxg7+ Kd8 16. Be3 Qa5 17. Nxh5 Qxh5 18. Rad1 Be7 19. Rd2 Ke8 20. Qb3 b6 21. Nxe4 Nd5 22. Rfd1 Rd8 23. Rc1 Qg6 24. Rdc2 Rc8 25. Qxd5 cxd5 26. Rxc8+ Bd8 27. R1c6 dxe4 28. Rxg6 hxg6 29. Bxe4 Rxh3 30. Bg5 f6 31. Bxg6+ Ke7 32. Be3 Ne5 33. Be4 Rh5 34. Ra8 a5 35. Rb8 Nc4 36. Bd4 Nd6 37. Bf3 Rf5 38. Bg4 Bc7 39. Rh8 Nf7 40. Rc8 1-0

[Event "Catalunya-chT GpA final"]
[Site "Barcelona"]
[Date "2019.03.16"]
[Round "1.7"]
[White "Hernando Rodrigo, Julio Antonio"]
[Black "Carrasco Holgado, David"]
[Result "1/2-1/2"]
[WhiteElo "2308"]
[BlackElo "2065"]
[PlyCount "71"]
[EventDate "2019.03.16"]
[EventType "team-tourn"]
[EventRounds "3"]
[EventCountry "ESP"]
[SourceTitle "CBM 189 Extra"]
[Source "ChessBase"]
[SourceDate "2019.05.31"]
[SourceVersion "1"]
[SourceVersionDate "2019.05.31"]
[SourceQuality "1"]
[WhiteTeam "Barcelona Escola Escacs"]
[BlackTeam "Gerunda"]
[WhiteTeamCountry "ESP"]
[BlackTeamCountry "ESP"]

1. d4 d5 2. Nf3 Nf6 3. c4 c6 4. e3 e6 5. b3 Nbd7 6. Bd3 Be7 7. 0-0 0-0 8. Bb2 b6 9. Nc3 Bb7 10. e4 dxe4 11. Nxe4 c5 12. Ng3 cxd4 13. Nxd4 Nc5 14. Bc2 Qc7 15. Qe2 Rfe8 16. Rad1 Rad8 17. a3 Qf4 18. b4 Ncd7 19. Ba4 Qc7 20. Rfe1 a5 21. Nxe6 fxe6 22. Qxe6+ Kf8 23. Qh3 Bc6 24. Bc2 Kg8 25. b5 Bb7 26. Bxh7+ Nxh7 27. Qe6+ Kf8 28. Bxg7+ Kxg7 29. Nf5+ Kh8 30. Qf7 Bf8 31. Rxe8 Rxe8 32. Qxe8 Ne5 33. Nh6 Qe7 34. Qxe7 Bxe7 35. Nf5 Bc5 36. Nd6 1/2-1/2

[Event "Catalunya-chT Gp1"]
[Site "Barcelona"]
[Date "2019.02.16"]
[Round "5.7"]
[White "Stoyanov, Tsvetan"]
[Black "Carrasco Holgado, David"]
[Result "1-0"]
[WhiteElo "2310"]
[BlackElo "2065"]
[PlyCount "87"]
[EventDate "2019.01.19"]
[EventType "team-tourn"]
[EventRounds "7"]
[EventCountry "ESP"]
[SourceTitle "CBM 189 Extra"]
[Source "ChessBase"]
[SourceDate "2019.05.31"]
[SourceVersion "1"]
[SourceVersionDate "2019.05.31"]
[SourceQuality "1"]
[WhiteTeam "Salou Escola Escacs"]
[BlackTeam "Gerunda"]
[WhiteTeamCountry "ESP"]
[BlackTeamCountry "ESP"]

1. e4 c5 2. Nf3 e6 3. d4 cxd4 4. Nxd4 a6 5. Nc3 Bb4 6. Bd3 Qc7 7. Bd2 Nf6 8. 0-0 Nc6 9. Nb3 Be7 10. f4 d6 11. Kh1 b5 12. a3 Bb7 13. Qe1 0-0 14. Qg3 Rfe8 15. Qh3 b4 16. Ne2 bxa3 17. Rxa3 a5 18. Nc3 Nb4 19. Nb5 Qd7 20. Bxb4 axb4 21. Rxa8 Rxa8 22. Nxd6 Bxd6 23. e5 Ne4 24. Qe3 f5 25. exd6 Qxd6 26. Nd4 Bd5 27. Kg1 Nc5 28. Be2 Rd8 29. Rd1 Ne4 30. Bf3 Qe7 31. g3 g6 32. Kg2 Rc8 33. Qe2 Qc5 34. Qe3 Kf7 35. Rd3 Nf6 36. Bxd5 Qxd5+ 37. Kg1 Ra8 38. Nf3 Ra1+ 39. Kg2 Ng4 40. Qd2 Qc5 41. Ng5+ Kf6 42. Rd7 Qg1+ 43. Kh3 Nf2+ 44. Qxf2 1-0

[Event "Girona-ch "]
[Site "Girona"]
[Date "2017.11.26"]
[Round "8"]
[White "Lazaro Pujol, Abel"]
[Black "Carrasco Holgado, David"]
[Result "0-1"]
[WhiteElo "1928"]
[BlackElo "2049"]
[PlyCount "130"]
[EventDate "2017.10.08"]
[EventType "swiss"]
[EventRounds "9"]
[EventCountry "ESP"]
[SourceTitle "CBM 181 Extra"]
[Source "ChessBase"]
[SourceDate "2017.12.12"]
[SourceVersion "1"]
[SourceVersionDate "2017.12.12"]
[SourceQuality "1"]

1. e4 c5 2. Nf3 e6 3. d4 cxd4 4. Nxd4 a6 5. Be2 Nf6 6. Nc3 Qc7 7. 0-0 Bb4 8. Bg5 Bxc3 9. Bxf6 gxf6 10. bxc3 Qxc3 11. Rb1 Nc6 12. Nxc6 bxc6 13. Rb3 Qe5 14. Qd3 a5 15. Rd1 Rb8 16. Qc4 Rxb3 17. axb3 Rg8 18. c3 Rg5 19. Ra1 Qc5 20. Qd3 Ke7 21. Ra4 Qd6 22. Qc2 Rc5 23. h3 Qe5 24. c4 d5 25. b4 axb4 26. Ra7+ Bd7 27. exd5 cxd5 28. Qa4 Rc7 29. Rxc7 Qxc7 30. Qxb4+ Qd6 31. c5 Qc6 32. Bd3 h6 33. Ba6 Qxa6 34. c6+ Ke8 35. cxd7+ Kxd7 36. Qf8 Qa1+ 37. Kh2 Qe5+ 38. Kg1 Qe1+ 39. Kh2 Qe5+ 40. Kg1 Qe1+ 41. Kh2 Qxf2 42. Qxf7+ Kd6 43. Qb7 Ke5 44. Qc7+ Ke4 45. Qc6 e5 46. Kh1 Qf1+ 47. Kh2 h5 48. Qc2+ Ke3 49. Qc3+ Qd3 50. Qe1+ Qe2 51. Qc3+ Ke4 52. Qc6 f5 53. Kh1 f4 54. Qg6+ Ke3 55. Qb6+ d4 56. Qb1 d3 57. Qc1+ Qd2 58. Qc5+ Ke2 59. Qxe5+ Kf1 60. Qa1+ Qe1 61. Qd4 Ke2+ 62. Kh2 Qg3+ 63. Kh1 d2 64. Qe4+ Qe3 65. Qc4+ Ke1 0-1

[Event "Girona Pont Major op 2nd"]
[Site "Girona"]
[Date "2017.06.02"]
[Round "6"]
[White "Vidal Zamora, Alex"]
[Black "Carrasco Holgado, David"]
[Result "1-0"]
[WhiteElo "2361"]
[BlackElo "2050"]
[PlyCount "75"]
[EventDate "2017.04.21"]
[EventType "swiss"]
[EventRounds "8"]
[EventCountry "ESP"]
[SourceTitle "CBM 187 Extra"]
[Source "ChessBase"]
[SourceDate "2018.11.04"]
[SourceVersion "1"]
[SourceVersionDate "2018.11.04"]
[SourceQuality "1"]

1. d4 f5 2. c4 Nf6 3. Nc3 e6 4. Nf3 b6 5. g3 Bb7 6. Bg2 Be7 7. 0-0 0-0 8. Qc2 Ne4 9. Rd1 d5 10. cxd5 exd5 11. Bf4 c6 12. Ne5 g5 13. Bc1 Bf6 14. f3 Nd6 15. e4 Qe7 16. exd5 cxd5 17. Qb3 Qe6 18. f4 Nc4 19. fxg5 Bg7 20. Nxd5 Bxd5 21. Bxd5 Qxd5 22. Qxc4 Qxc4 23. Nxc4 Nc6 24. d5 Rad8 25. Ne3 Nd4 26. Kg2 f4 27. gxf4 Rxf4 28. h3 Re4 29. Rb1 Rde8 30. Rd3 Ne2 31. Nf5 Nxc1 32. Rxc1 Re2+ 33. Kf3 Rxb2 34. d6 Ree2 35. d7 Rf2+ 36. Kg4 Rb4+ 37. Kh5 Bf6 38. Nh6+ 1-0

[Event "Girona Pont Major op 2nd"]
[Site "Girona"]
[Date "2017.04.28"]
[Round "2"]
[White "Vidal Palou, Jordi"]
[Black "Carrasco Holgado, David"]
[Result "0-1"]
[WhiteElo "1728"]
[BlackElo "2050"]
[PlyCount "136"]
[EventDate "2017.04.21"]
[EventType "swiss"]
[EventRounds "8"]
[EventCountry "ESP"]
[SourceTitle "CBM 187 Extra"]
[Source "ChessBase"]
[SourceDate "2018.11.04"]
[SourceVersion "1"]
[SourceVersionDate "2018.11.04"]
[SourceQuality "1"]

1. d4 f5 2. c4 Nf6 3. Nc3 e6 4. e3 Be7 5. Bd3 b6 6. Nge2 Bb7 7. f3 0-0 8. 0-0 d6 9. a3 a5 10. b3 Qd7 11. Qc2 g6 12. Bb2 Na6 13. Rae1 e5 14. Ng3 Kh8 15. Nce2 Rae8 16. dxe5 dxe5 17. Qb1 Bc5 18. Nc3 f4 19. Nge2 Bxe3+ 20. Kh1 Nc5 21. Bc2 Ne6 22. Rd1 Nd4 23. Ne4 c5 24. Bc1 Bxc1 25. Nxf6 Rxf6 26. Nxc1 Rd6 27. Be4 Bc6 28. Bxc6 Qxc6 29. Na2 g5 30. Nc3 Rh6 31. Rde1 Qg6 32. Ne4 g4 33. fxg4 Qxg4 34. Qd3 Rg8 35. Rf2 Qh4 36. h3 Rhg6 37. Ref1 Nf5 38. Qd5 Qe7 39. Qd3 Ne3 40. Rg1 Rd8 41. Qe2 Rd4 42. Qf3 Nf5 43. g4 Nh4 44. Qe2 Qb7 45. Re1 f3 46. Qc2 Qf7 47. Ng3 Qf4 48. Nh5 Qg5 49. Kh2 Rgd6 50. Qb2 Ng6 51. Qc1 Qxc1 52. Rxc1 e4 53. Ng3 Nh4 54. Re1 Re6 55. Nf1 Ng2 56. Rb1 Rf6 57. Kg3 Kg7 58. b4 axb4 59. axb4 Rxc4 60. bxc5 Rxc5 61. Rb3 Nf4 62. Ne3 Ne2+ 63. Kh2 Kg6 64. Rb4 Re6 65. Rb3 Rc3 66. Rxc3 Nxc3 67. Nc4 e3 68. Rxf3 e2 0-1

[Event "Girona-ch"]
[Site "Banyoles"]
[Date "2016.10.23"]
[Round "5"]
[White "Vidal Zamora, Alex"]
[Black "Carrasco Holgado, David"]
[Result "1-0"]
[WhiteElo "2309"]
[BlackElo "2001"]
[PlyCount "129"]
[EventDate "2016.10.02"]
[EventType "swiss"]
[EventRounds "9"]
[EventCountry "ESP"]
[SourceTitle "EXT 2018"]
[Source "ChessBase"]
[SourceDate "2017.10.13"]
[SourceVersion "1"]
[SourceVersionDate "2017.10.13"]
[SourceQuality "1"]

1. d4 f5 2. Bg5 h6 3. Bh4 g5 4. e3 Bg7 5. Bg3 Nc6 6. Bd3 d6 7. Nd2 Nf6 8. Ngf3 e6 9. Qe2 Qe7 10. h3 Bd7 11. e4 f4 12. Bh2 0-0-0 13. 0-0-0 h5 14. d5 exd5 15. exd5 Nxd5 16. Qxe7 Ncxe7 17. Nxg5 Rdf8 18. Rde1 Bh6 19. Ndf3 Rhg8 20. h4 Nf5 21. Bc4 c6 22. Bxd5 cxd5 23. Bxf4 Nd4 24. Be3 Nxf3 25. gxf3 d4 26. Bxd4 Bxg5+ 27. hxg5 Rxg5 28. Bxa7 Rxf3 29. Re7 Rff5 30. Rh7 Bc6 31. Re1 Re5 32. Be3 Rg4 33. Rd1 Bf3 34. Rd3 Be4 35. Rc3+ Bc6 36. Ra3 Ra4 37. Rxa4 Bxa4 38. Bf4 Rf5 39. Bg3 Rd5 40. b3 Be8 41. Re7 Bd7 42. Rh7 Bg4 43. a4 Rd4 44. Kb2 Rd2 45. Rh8+ Kd7 46. Kc3 Re2 47. Rh7+ Kc6 48. Rh6 Re6 49. Rh8 Bf3 50. Kb4 Re4+ 51. Ka3 Re2 52. c4 Re6 53. Kb4 d5 54. Rc8+ Kd7 55. Rc7+ Kd8 56. Rxb7 d4 57. Rf7 Be2 58. a5 d3 59. Kc3 Bf1 60. c5 Re1 61. Bf4 Re2 62. Bd2 h4 63. a6 Re6 64. a7 Bg2 65. f3 1-0

[Event "Pont Major Gerunda op 1st"]
[Site "Pont Major"]
[Date "2016.05.20"]
[Round "7"]
[White "Foix Breto, Antoni"]
[Black "Carrasco Holgado, David"]
[Result "0-1"]
[WhiteElo "1645"]
[BlackElo "2066"]
[PlyCount "82"]
[EventDate "2016.04.08"]
[EventType "swiss"]
[EventRounds "9"]
[EventCountry "ESP"]
[SourceTitle "EXT 2017"]
[Source "ChessBase"]
[SourceDate "2016.10.25"]
[SourceVersion "1"]
[SourceVersionDate "2016.10.25"]
[SourceQuality "1"]

1. e4 c5 2. Nf3 Nc6 3. d4 cxd4 4. Nxd4 Nf6 5. Nc3 e5 6. Ndb5 d6 7. Bg5 a6 8. Na3 b5 9. Bxf6 gxf6 10. Nd5 f5 11. c3 Bg7 12. exf5 Bxf5 13. Nc2 0-0 14. Nce3 Be6 15. Bd3 f5 16. 0-0 Kh8 17. a4 b4 18. cxb4 e4 19. Nf4 Bd7 20. Be2 Be5 21. Ned5 Nxb4 22. Qd2 Nxd5 23. Nxd5 f4 24. Rfc1 f3 25. Bc4 fxg2 26. Qh6 Rf3 27. Ra3 Rb8 28. Rxf3 exf3 29. b3 a5 30. Bd3 Qg8 31. Nf6 Bxf6 32. Qxf6+ Qg7 33. Qxf3 Be6 34. Bc4 Rf8 35. Qc3 d5 36. Qxg7+ Kxg7 37. Bb5 Rf3 38. Rc7+ Kg8 39. Kxg2 Rxb3 40. Ra7 Bh3+ 41. Kg1 Rb1+ 0-1

[Event "Santa Eugenia op 10th"]
[Site "Santa Eugenia"]
[Date "2015.??.??"]
[Round "7"]
[White "Salagran Ferragut, Guillem"]
[Black "Carrasco Holgado, David"]
[Result "1-0"]
[WhiteElo "2196"]
[BlackElo "2250"]
[PlyCount "53"]
[EventDate "2015.04.17"]
[EventType "swiss"]
[EventRounds "9"]
[EventCountry "ESP"]
[SourceTitle "EXT 2016"]
[Source "ChessBase"]
[SourceDate "2015.10.08"]
[SourceVersion "1"]
[SourceVersionDate "2015.10.08"]
[SourceQuality "1"]

1. e4 c5 2. Nf3 Nc6 3. d4 cxd4 4. Nxd4 Nf6 5. Nc3 e5 6. Ndb5 d6 7. Bg5 a6 8. Na3 b5 9. Bxf6 gxf6 10. Nd5 f5 11. Bxb5 axb5 12. Nxb5 Ra4 13. b4 Rxb4 14. Nbc7+ Kd7 15. 0-0 Rb7 16. Qh5 Ne7 17. Qxf7 Rxc7 18. Nf6+ Kc6 19. Rab1 d5 20. c4 d4 21. Ne8 Rg8 22. c5 Rb7 23. Qf6+ Kd7 24. c6+ Nxc6 25. Qf7+ Qe7 26. Nf6+ Kc7 27. Nd5+ 1-0